00353nam a2200145Ia 45000030006000000080041000060400015000471000024000622450017000862500006001032600061001093000006001705460014001760050017001900STCL150530s9999 xx 000 0 und d aSTCLcSTCL aGovindan Nair, M.N. aM.N.Kathakal a1 bSahithya Pravarthaka Co Operative Society ; Kottayc1982 a0 aMalayalam20220125171642.0